Österreichische Bundesliga Teams 2025/26 - Statistics

General Stats
  • This quiz has been taken 97 times
  • The average score is 9 of 12
Answer Stats
Hint Answer % Correct
2 FC Red Bull Salzburg
97%
8 SK Puntigamer Sturm Graz
93%
9 SK Rapid
93%
3 FK Austria Wien
89%
5 LASK
89%
1 FC Blau Weiß Linz
70%
4 Grazer AK1902
68%
11 TSV Egger Glas Hartberg
68%
7 SCR Altach
66%
10 SV Oberbank Ried
62%
6 RZ Pellets WAC
59%
12 WSG Tirol
55%
No matching quizzes found
Score Distribution
Percent of People with Each Score
Percentile by Number Answered
Your Score History
You have not taken this quiz